| 000 | 00641nam a2200205Ia 4500 | ||
|---|---|---|---|
| 003 | GCL | ||
| 008 | 140319s9999 xx 000 0 ara d | ||
| 020 | _a4184286977 | ||
| 040 |
_aGCL / _cGCL |
||
| 082 | 0 | 4 |
_a247.1 _bم م |
| 100 | 1 | _aمحمد عيسى داود | |
| 245 | 1 | 0 |
_aالمهدى المنتظر على الابواب / _cمحمد عيسى داود |
| 260 |
_aالقاهرة : _bمكتبة مدبولى الصغير ، _c2003 |
||
| 300 |
_a342 ص ؛ _c24 سم |
||
| 650 | 0 | 4 | _aالمسيخ الدجال |
| 650 | 0 | 4 | _aالمهدى المنتظر |
| 650 | 0 | 4 | _aالامامة |
| 650 | 0 | 4 | _aعلم الكلام |
| 942 |
_2ddc _cBK |
||
| 999 |
_c6106 _d6106 |
||